Desarrollo de la exportaciones de productos artesanales (Registro nro. 3392)

Detalles MARC
000 -CABECERA
Campo de control 00746nam a2200241 i 4500
005 - FECHA Y HORA DE LA ULTIMA TRANSACCION
Campo de control 20160118091313.0
008 - ELEMENTOS DE LONGITUD FIJA—INFORMACION GENERAL
Campo de control 140311b1998 sz ||||| |||| 00| 0 spa d
040 ## - FUENTE DE CATALOGACIÓN
Agencia catalogadora original CO-BoIAVH
Agencia transcriptora CO-BoIAVH
041 ## - IDIOMA
Código de idioma para texto/pista de sonido o título separado Español
044 ## - PAÍS DE PUBLICACIÓN
País de publicación Suiza
082 04 - NUMERO DE CLASIFICACION DECIMAL DEWEY
Número de clasificación 658.84
Número del ítem R17d
100 1# - ASIENTO PRINCIPAL--NOMBRE PERSONAL
Nombre personal Ramsay Merriam, Caroline
9 (RLIN) 19842
110 ## - ASIENTO PRINCIPAL--NOMBRE CORPORATIVO
Unidad subordinad Centro de Comercio Internacional, CCI
9 (RLIN) 19843
245 10 - MENCION DE TITULO
Título Desarrollo de la exportaciones de productos artesanales
260 ## - PUBLICACION, DISTRIBUCION, ETC. (PIE DE IMPRENTA)
Lugar de publicación, distribución, etc. Ginebra :
Nombre del editor, distribuidor, etc. CCI,
Fecha de publicación, distribución, etc. 1998.
300 ## - DESCRIPCION FISICA
Extensión 105 p.
650 14 - ASIENTO SECUNDARIO DE MATERIA - TERMINO TEMATICO
Término temático o nombre geográfico como elemento de entrada Artesanías
9 (RLIN) 52323
650 24 - ASIENTO SECUNDARIO DE MATERIA - TERMINO TEMATICO
Término temático o nombre geográfico como elemento de entrada Artesanías
Subdivisión general Aspectos económicos
9 (RLIN) 52324
650 24 - ASIENTO SECUNDARIO DE MATERIA - TERMINO TEMATICO
Término temático o nombre geográfico como elemento de entrada Exportaciones
9 (RLIN) 18352
650 24 - ASIENTO SECUNDARIO DE MATERIA - TERMINO TEMATICO
Término temático o nombre geográfico como elemento de entrada Artesanías
Subdivisión general Comercialización
9 (RLIN) 52325
700 ## - ASIENTO SECUNDARIO - NOMBRE PERSONAL
Nombre personal Benjamin, Malcom,
Término de relación autor.
9 (RLIN) 19847
942 ## - ELEMENTOS ADICIONALES (KOHA)
Tipo de ítem Libro
Sistema de clasificación Dewey Decimal Classification
Existencias
Withdrawn status Lost status Sistema de Clasificación Damaged status No para préstamo Colección Inventariado Ubicación Permanente Ubicación actual Fecha de adquisición Fuente de Valor Total Checkouts Número topográfico Inventario / Código de Barras Date last seen Ejemplar Price effective from Tipo de material
    Dewey Decimal Classification     General Inventariado 2017 Bogotá Bogotá 28/05/2003 Biocomercio   LB-658.84 R17d 005386 04/12/2012 Ej. 1 04/12/2012 Mapa